| 000 | 00559nam a2200181Ia 4500 | ||
|---|---|---|---|
| 008 | 160319s9999 xx 000 0 und d | ||
| 245 | _a11 days in August [videorecording] : | ||
| 245 | _ba chronicle of the Aquino assasination / | ||
| 260 | _aManila : | ||
| 260 | _bCommunication Foundation of Asia. | ||
| 260 | _cNA | ||
| 300 | _a1 videodisc (57 min.) : | ||
| 300 | _bsound, color ; | ||
| 300 | _c4 3/4 in. | ||
| 650 | _aAquino, Benigno S., 1932-1983 -- | ||
| 650 | _xAssassination. | ||
| 700 | _aA chronicle of the Aquino assasination.. Title. | ||
| 999 |
_c292504 _d292504 |
||